000 00645nam a2200241Ia 4500
003 OSt
005 20221005050209.0
006 a|||||r|||| 00| 0
007 ta
008 221004b |||||||| |||| 00| 0 eng d
024 _a35231
037 _cTextual
040 _aCRL
_cCRL
_beng
041 _2eng
_aeng
082 _aU54, N6
100 _aYadav Atar Singh
_9296456
245 0 _aGeography of war and peace
260 _aKosikalan
_bRam Krishna Educational Society
_c1996
300 _a164p.
_ccm.
650 _aMILITARY GEOGRAPHY
_9331202
942 _hU54, N6
_cTEXL
_2cc
999 _c956470
_d956470